000
00362nam a22001577a 4500
003
MPLRDC
005
20220104150048.0
008
210129b ||||| |||| 00| 0 eng d
082
_a
947.413 XXM v.1
100
_a
不详
245
_a
小小妹. 上集
_c
260
_a
_b
东立出版社
_c
300
_b
平
650
_a
漫画
942
_c
BK
_o
947.413 XXM v.1
999
_c
51669
_d
51659